Guess the Celebrity by their Picture #9 - Statistics

General Stats
  • This quiz has been taken 78 times
  • The average score is 5 of 16
Answer Stats
Picture Answer % Correct
Jackie Chan
79%
Zayn Malik
76%
Lindsay Lohan
63%
Gigi Hadid
61%
Jeremy Renner
55%
Chris Pine
41%
Angela Bassett
20%
Sissy Spacek
15%
Tyler Perry
15%
Jacob Sartorious
14%
Pat Morita
14%
Beverly D'Angelo
6%
Lara Fabian
4%
Loretta Lynn
4%
Sarah McLachlan
4%
Marc Mero
1%
No matching quizzes found
Score Distribution
Percent of People with Each Score
Percentile by Number Answered
Your Score History
You have not taken this quiz